00989cam a2200289 i 450000100090000000300050000900500170001400800410003101000170007202000400008904000280012904200080015705000220016508200190018710000240020624501560023025000170038626400470040330000270045033600260047733700280050333800270053150400670055865000180062565000340064370000220067718154117NUST20180117090026.0140516s2015 cau b 001 0 eng  a 2014018748 a9781483365244 (spiral : alk. paper) aDLCbengcDLCerdadDLC apcc00aH61.28b.K78 201500a361.6/10682231 aKrueger, Richard A.10aFocus groups :ba practical guide for applied research /cRichard A. Krueger, University of Minnesota, Professor Emeritus; Mary Anne Casey, Consultant. a5th edition. 1aThousand Oaks, California :bSAGE,c[2015] axx, 252 pages ;c23 cm atextbtxt2rdacontent aunmediatedbn2rdamedia avolumebnc2rdacarrier aIncludes bibliographical references (pages 246-247) and index. 0aFocus groups. 0aSocial sciencesxMethodology.1 aCasey, Mary Anne.